000 00460nam a22001817a 4500
005 20260211163111.0
008 260211b |||||||| |||| 00| 0 eng d
020 _a9788199195967
_c1595.00
040 _aMAIN
041 _aEnglish
082 _a570.285
_bLOP
100 _aLopes, Heitor S.
_926281
245 _aComputational Biology
260 _aNew Delhi
_bBlackwell Press
_c2026
300 _a368
650 _a Biological Science
_914046
942 _cBK
999 _c60329
_d60329